000
00223 a2200109 4500
001
51219
040
_c
Anchieta - Pituba
240
1
0
_a
Good Bye Lenin!
_l
245
1
0
_a
Good Bye Lenin!
650
4
_a
Língua alemã
942
_c
MX
999
_c
51219
_d
51219